Príčiny, dôsledky globálnej krízy a predpoklady revitalizácie svetovej ekonomiky

Počet identifikovaných finančných kríz v období rokov 1970-2000. Hľadanie východísk z krízy. Kritika najkompetentnejších medzinárodných organizácií, ako sú Svetová banka, Medzinárodný menový fond, G-20. MMF - radikálne zmeny. Pokračovanie v nasledujúcom čísle.

Gespeichert in:
Bibliographische Detailangaben
1. Verfasser: Lysák, Ladislav
Format: Buchkapitel
Sprache:Slowakisch
Schlagworte:
Tags: Tag hinzufügen
Keine Tags, Fügen Sie das erste Tag hinzu!

MARC

LEADER 00000naa a2200000 4500
001 0126218
005 20240502072435.2
041 0 |a slo 
044 |a SK 
245 1 0 |a Príčiny, dôsledky globálnej krízy a predpoklady revitalizácie svetovej ekonomiky  |c Ladislav Lysák 
520 |a Počet identifikovaných finančných kríz v období rokov 1970-2000. Hľadanie východísk z krízy. Kritika najkompetentnejších medzinárodných organizácií, ako sú Svetová banka, Medzinárodný menový fond, G-20. MMF - radikálne zmeny. Pokračovanie v nasledujúcom čísle. 
610 2 0 |a vzťahy hospodárske medzinárodné 
610 2 0 |a kríza finančná 
610 2 0 |a organizácie medzinárodné 
610 2 0 |a kritika 
100 1 |a Lysák, Ladislav